000 00880nam a22002417a 4500
001 387
003 FISKH
005 20230405143337.0
008 230405b cb ||||| |||| 00| 0 eng d
020 _a0439316413
040 _aFISKH
_beng
_cFISKH
_dFISKH
050 _aPE1449.M438
082 _a428.1
100 _aMilbourne, Anna
_d1972-
245 _a1001 things to spot in the town /
_cAnna Milbourne illustrated by Teri Gower :
260 _aNew York :
_bScholastic.
_c2001.
300 _a31 pages.
_c28 cm.
505 _aH
520 _aEach double page of this picture book invites youngsters to discover different types of towns. Simple text and colourful scenes bursting with things to spot combine to help children develop skills in reading, counting, matching and identification.
521 8 _a500
_bLexile estimate
521 8 _aH
_bRaz-Plus
942 _2ddc
_cBK
_n0
999 _c387
_d387